| 000 | 00927nam a2200241 a 4500 | ||
|---|---|---|---|
| 001 | 71571 | ||
| 003 | BD-RjUL | ||
| 005 | 20211209082130.0 | ||
| 008 | 170506s1969 ii |||| |||| 000 0 ben d | ||
| 020 | _c: Tk. 16.00 | ||
| 035 | _a(BD-RjUL)71787 | ||
| 040 |
_aBD-RjUL _bben _cBD-RjUL _dBD-RjUL |
||
| 041 | _aben | ||
| 082 |
_223 _a891.444 _bTAB 1969 |
||
| 100 | 1 |
_aঠাকুর, অবীন্দ্রনাথ _9211786 |
|
| 245 | 1 | 0 |
_aবাগেশ্বরী শিল্প প্রবন্ধাবলী / _cঅবীন্দ্রনাথ ঠাকুর |
| 250 | _a২য় সং. | ||
| 260 |
_aকলকাতা : _bরূপা অ্যাণ্ড কোং., _c১৯৬৯ [১৩৭৫] |
||
| 300 |
_a৩৭৩ পৃ. ; _c২৬ সেমি. |
||
| 650 |
_aবাংলা সাহিত্য _vপ্রবন্ধ _9211787 |
||
| 650 |
_aBengali Literature _vEssay _9135031 |
||
| 942 |
_2ddc _cBK |
||
| 999 |
_c71571 _d71571 |
||